[Event "HCL-A076"]
[Site "www.playchess.de"]
[Date "2001.04.03"]
[Round "2"]
[White "stud"]
[Black "Emro"]
[WhiteElo "1180"]
[BlackElo "1700"]
[PlyCount "22"]
[Result "0-1"]

1.e4 e5 {Hi, wish nice game.}  2.Nf3 {U 2, thanks} 
 Nc6 3.Bc4 Bc5 4.d3 h6 5.Be3 {too early, we'd get 
points taken away if b4 move 10}  Bxe3 6.fxe3 {if 
we draw it can b after move 10}  Nf6 {ok, draw 
later}  7.O-O d6 8.Nbd2 O-O 9.h3 Qe7 10.Nh2 Be6 
11.Bxe6 {play till 15 at least. this is still a 
very new game}  Qxe6 0-1

[Event "HCL-B164"]
[Site "www.playchess.de"]
[Date "2001.04.03"]
[Round "30"]
[White "serpens"]
[Black "Bill"]
[WhiteElo "1500"]
[BlackElo "1038"]
[PlyCount "77"]
[Result "0-1"]

1.e4 c5 2.c3 Nf6 3.e5 Nd5 4.Nf3 Nc6 5.Bc4 Nb6 
6.Bb3 c4 {got to get to bed.}  7.Bc2 {sweet 
dreams...}  e6 {I'll be away from Feb 19 - 23}  
8.d4 {I will be waiting...}  cxd3 9.e.p Bxd3 10.d5 
O-O 11.Be7 Bb5 12.O-O Bxc6 13.bxc6 Bf4 14.Ba6 Re1 
15.Nd7 Nbd2 {I'll be gone until Friday night.}  
16.Qb6 Nb3 17.Rab8 Qd4 18.c5 Qa4 19.Bb5 Qa5 
20.Qxa5 Nxa5 21.Bd8 Nb3 22.Bc4 Nfd2 23.Bd3 a3 
24.Bc2 Nc1 25.Rxb2 Ra2 26.Rxa2 Nxa2 27.Bc7 Rc1 
28.Bf5 c4 29.d4 f3 30.Nxe5 Re1 31.Nd3 Bxc7 32.Nxe1 
Nc1 33.Rc8 Bd6 34.Nd3 Nxd3 35.Bxd3 Kf2 36.f6 Nb3 
37.Bxc4 Nxc5 38.f5 Nxe6 39.Bxe6 0-1

[Event "HCL-B183"]
[Site "www.playchess.de"]
[Date "2001.04.03"]
[Round "1"]
[White "Tumbleweed"]
[Black "BlueKnight"]
[WhiteElo "1200"]
[BlackElo "1200"]
[PlyCount "71"]
[Result "1-0"]

1.e4 {Hello}  e5 2.Nc3 Nf6 3.Bc4 Nc6 4.Nge2 Bc5 
5.Bb5 O-O 6.a3 d6 7.b4 Bb6 8.Bb2 Bg4 9.h3 Bh5 
10.g4 Bg6 11.Bd3 Nd4 12.g5 Nh5 13.h4 c6 14.Nxd4 
Bxd4 15.Be2 Bxe4 16.Nxe4 Bxb2 17.Ra2 Bd4 18.Bxh5 
g6 19.Bg4 f5 20.Nf6+ Rxf6 21.gxf6 fxg4 22.Qxg4 
Qxf6 23.Rf1 Rf8 24.f3 h5 25.Qg3 Qf7 26.c3 Bb6 
27.Ra1 d5 28.Ke2 d4 29.Rad1 dxc3 30.dxc3 Qc4+ 
31.Rd3 Bc7 32.Qxg6+ Kh8 33.Qh6+ Kg8 34.Rg1+ Kf7 
35.Qg7+ Ke8 36.Qd7+ {Good game} 
 1-0

[Event "HCL-A081"]
[Site "www.playchess.de"]
[Date "2001.04.03"]
[Round "2"]
[White "teenspirit"]
[Black "peze"]
[WhiteElo "1722"]
[BlackElo "1970"]
[PlyCount "47"]
[Result "1/2-1/2"]

1.d4 {Hi again. Let's see if I can give u any 
headache in this game cause in our other 
ones...easy point}  Nf6 {Let's go!! :-))}  2.Nf3 
e6 3.c4 b6 4.g3 Ba6 5.b3 Bb7 6.Bg2 Bb4+ 7.Nbd2 Bc3 
8.Rb1 {keyboard error... I wanted to move Bd2...}  
Bb4 {Correction: We will play 8. ... Lb4   9. Ta1 
Ld6  10. Sb1  Lb4  o.k ?}  9.Ra1 {Real thanks my 
friend!}  Bd6 {Fairplay!!!}  10.Nb1 {:)}  Bb4+ 
{The game is new started now.}  11.Bd2 {Real 
thanks my friend. Good luck!}  Bxd2+ {Good luck 
for you too.}  12.Nbxd2 O-O 13.O-O d6 14.Qc2 c5 
15.e4 cxd4 16.Nxd4 a6 17.Rad1 Qc7 18.Rfe1 Rd8 
19.Nf1 Nbd7 20.f4 Nc5 21.e5 Bxg2 22.Qxg2 dxe5 
23.fxe5 {Let's have some risk}  Ng4 {I think that 
the position is draw! What's your opinion ?}  
24.Qc6 {Ok!}  1/2-1/2

[Event "HCL-C185"]
[Site "www.playchess.de"]
[Date "2001.04.03"]
[Round "20"]
[White "foxzy"]
[Black "Jernau"]
[WhiteElo "1000"]
[BlackElo "1672"]
[PlyCount "33"]
[Result "1-0"]

1.e4 Nf6 2.Nc3 e6 3.e5 Nd5 4.Nxd5 exd5 5.d4 c5 
6.Nf3 cxd4 7.Qxd4 Qa5+ 8.Bd2 Qc7 9.Bc3 Qc6 
10.O-O-O Bc5 11.Qf4 d6 12.Ng5 Be6 13.Bd3 Rf8 
14.exd6 f6 15.Nxe6 Bxd6 16.Qf3 Qd7 
17.Qxd5 1-0

[Event "HCL-C185"]
[Site "www.playchess.de"]
[Date "2001.04.03"]
[Round "26"]
[White "Jernau"]
[Black "craigsadler"]
[WhiteElo "1672"]
[BlackElo "552"]
[PlyCount "30"]
[Result "0-1"]

1.d4 c6 2.e4 d5 3.Nc3 dxe4 4.Bf4 Nf6 5.Bc4 Qb6 
6.Qe2 Qxb2 7.Nxe4 Nxe4 8.Qxe4 Qxa1+ 9.Ke2 e6 
10.Qe5 Bb4 11.Qxg7 Rf8 12.Bh6 Nd7 13.Bd3 Qe1+ 
14.Kf3 Qd1+ 15.Kg3 Bd6+ 0-1

[Event "HCL-B188"]
[Site "www.playchess.de"]
[Date "2001.04.03"]
[Round "2"]
[White "chesskidding"]
[Black "sonnygarcia"]
[WhiteElo "1348"]
[BlackElo "1144"]
[PlyCount "57"]
[Result "1-0"]

1.e4 e6 2.d4 {Hello nd good luck my friend. Mike 
from Wisconsin here.}  d5 {Greetings from the 
Philippines...}  3.Nc3 {I am not familiar with the 
French but I figure this is the bes opportunity to 
learn.}  dxe4 {perhaps, french is my favorite 
against e4 openings.}  4.Nxe4 {So what do you do 
in the Phillipines SonnyGarcia? Do you like living 
there?}  Qd5 {yes, i have no serious problem but 
this is a thirld world country.}  5.Nc3 Bb4 6.Nge2 
{I understand Chess is very popular in the 
Phillipines?}  Nf6 {not really, Filipinos prefer 
basketball .}  7.Bd2 Bxc3 8.Bxc3 Nbd7 9.f3 b6 
10.Qd2 Ba6 11.Nf4 Qb7 12.Bd3 {I like to follow the 
Milwaukee Bucks.. are you a fan of the NBA?}  Bxd3 
{yes, I like the Knicks in the East and Seattle in 
the West.}  13.Qxd3 O-O 14.O-O Rad8 15.Qe2 {Good 
to be back again!}  Nd5 16.Qd2 Nxc3 17.Qxc3 Nf6 
18.Rad1 c5 19.dxc5 Rxd1 20.Rxd1 Nd5 21.Nxd5 exd5 
22.c6 Qc7 23.Rxd5 Rc8 24.Rd7 Qb8 25.Qc4 Rf8 26.c7 
Qc8 27.Qd5 h6 28.Qd6 Kh8 29.Rd8 1-0

[Event "HCL-A081"]
[Site "www.playchess.de"]
[Date "2001.04.03"]
[Round "36"]
[White "gelus"]
[Black "entefada"]
[WhiteElo "1892"]
[BlackElo "1700"]
[PlyCount "29"]
[Result "1-0"]

1.d4 d5 2.c4 Nc6 3.Nc3 Nf6 4.Nf3 Bf5 5.cxd5 Nxd5 
6.Qb3 e6 7.e4 Nxc3 8.exf5 Nd5 9.Qxb7 Bb4+ 10.Kd1 
Na5 11.Qa6 O-O 12.fxe6 c5 13.a3 Nb3 14.Bg5 f6 
15.Bc4 1-0

[Event "ACL-A101"]
[Site "www.playchess.de"]
[Date "2001.04.03"]
[Round "9"]
[White "Gruhni"]
[Black "foxzy"]
[WhiteElo "1433"]
[BlackElo "1456"]
[PlyCount "85"]
[Result "1/2-1/2"]

1.e4 {Hello from Frankfurt in Germany!}  c5 
{Hello! I'm Zhongyi from China.}  2.Nf3 d6 3.Bb5+ 
Bd7 4.Bxd7+ Nxd7 5.c3 g6 6.O-O Ngf6 7.d3 Bg7 8.Bg5 
O-O 9.Bxf6 Bxf6 10.Nbd2 b5 11.h3 a5 12.a3 Rb8 
13.Qc2 b4 14.axb4 axb4 15.c4 Qc7 16.b3 e6 17.Ra2 
Rfd8 18.Re1 Ne5 19.Nxe5 Bxe5 20.Nf3 Bg7 21.Rd1 d5 
22.exd5 exd5 23.Qb1 d4 24.Qa1 Rb6 25.Ng5 Qe5 
26.Nf3 Qd6 27.Ra5 Rc8 28.Qa4 Rcb8 29.Ra1 Bf8 
30.Ra8 Rxa8 31.Qxa8 Qf4 32.Qd8 Rb8 33.Qd5 Re8 
34.Ra7 Bd6 35.g3 Qf6 36.Kg2 Re2 37.Ra8+ Kg7 38.Qg5 
Be7 39.Qxf6+ Kxf6 40.Ra6+ Kg7 41.Ra7 h5 42.Kf1 Re6 
43.Ra2 1/2-1/2

[Event "HCL-E029"]
[Site "www.playchess.de"]
[Date "2001.04.03"]
[Round "17"]
[White "DKCozy"]
[Black "mariuszk"]
[WhiteElo "1711"]
[BlackElo "2012"]
[PlyCount "74"]
[Result "0-1"]

1.Nf3 f5 2.e4 fxe4 3.Ng5 Nf6 4.d3 h6 5.Nxe4 d5 
6.Nxf6+ exf6 7.Qh5+ Ke7 8.Be2 Be6 9.O-O Qe8 
10.Qxe8+ Kxe8 11.Re1 Kd7 12.Nc3 Bb4 13.Bd2 Nc6 
14.a3 Bc5 15.Be3 d4 16.Ne4 Bb6 17.Bd2 Rae8 18.Bf3 
Ne5 19.Be2 c5 20.h3 f5 21.Ng3 Bc7 22.Nh5 Re7 
23.Nf4 Bf7 24.Bd1 Rhe8 25.Nh5 Bd5 26.f4 Ng6 
27.Rxe7+ Rxe7 28.g3 Rf7 29.Kf2 Ne7 30.g4 Be6 
31.Bf3 fxg4 32.hxg4 g6 33.f5 gxf5 34.gxf5 Nxf5 
35.Ke2 Nh4 36.Rf1 Nxf3 37.Bxh6 
Bg4 0-1

[Event "ACL-A100"]
[Site "www.playchess.de"]
[Date "2001.04.03"]
[Round "9"]
[White "mladsir"]
[Black "Rparkes"]
[WhiteElo "1523"]
[BlackElo "1500"]
[PlyCount "88"]
[Result "0-1"]

1.e4 e6 2.d4 d5 3.Nc3 Bb4 4.e5 c5 5.a3 Bxc3+ 
6.bxc3 Qc7 7.Nf3 Nc6 8.Bd3 c4 9.Be2 f6 10.Bf4 fxe5 
11.Nxe5 Nxe5 12.Bxe5 Qe7 13.Bh5+ Kd8 14.O-O Nf6 
15.Bf3 {Hi! What's happening in chile?}  Rf8 
16.Re1 Bd7 {Hola, No hablo mucho inglés}  17.Rb1 
b6 18.Qd2 Qxa3 19.Rba1 Qe7 20.Qf4 Ne4 21.Qe3 Ng5 
22.Bg4 g6 23.Bf4 Nf7 24.Re2 Re8 25.Rae1 Qa3 
26.Bg5+ Nxg5 27.Qxg5+ Qe7 28.Qh6 Qf7 29.R2e3 a5 
30.f4 Kc7 31.Qg5 h5 32.Qe5+ Kb7 33.Rb1 hxg4 34.Qd6 
Bc6 35.Ree1 Qc7 36.Rxe6 Qxd6 37.Rxd6 Re2 38.Rxg6 
Rxc2 39.f5 a4 40.f6 Rf8 41.Rg7+ Ka6 42.f7 a3 43.h4 
g3 44.Rf1 a2 0-1

[Event "ACL-A100"]
[Site "www.playchess.de"]
[Date "2001.04.03"]
[Round "17"]
[White "Kimura"]
[Black "deepcover"]
[WhiteElo "1500"]
[BlackElo "1696"]
[PlyCount "56"]
[Result "0-1"]

1.e4 e5 2.f4 exf4 3.Nf3 g5 4.Bc4 Bg7 5.O-O d6 6.d4 
Nc6 7.c3 h6 8.g3 Bh3 9.gxf4 Bxf1 10.Qxf1 g4 11.Ne1 
Qd7 12.Qg2 O-O-O 13.Be3 f5 14.e5 d5 15.Bb5 h5 
16.Nd3 Bf8 17.Nc5 Bxc5 18.dxc5 h4 19.Nd2 a6 20.Bd3 
Nge7 21.a4 d4 22.cxd4 Nd5 23.Qf2 g3 24.Qf3 Nxe3 
25.Qxe3 Qxd4 26.Qxd4 Rxd4 27.Bxf5+ Kb8 28.Rd1 
Rhd8 0-1

[Event "HCL-B195"]
[Site "www.playchess.de"]
[Date "2001.04.03"]
[Round "21"]
[White "jefersonmello"]
[Black "GAZOLA"]
[WhiteElo "1500"]
[BlackElo "1500"]
[PlyCount "121"]
[Result "1-0"]

1.e4 c5 {bao sorte amigo!!}  2.Nf3 {Vc e parente 
do Raul? Estou na ilha do governador?RJ e vc?boa 
sorte!}  Nc6 {sou parente nao gracas a deus, moro 
na tijuca..}  3.d4 {TTC e Club Municipal tem 
equipes de xadrez...vc participa?}  cxd4 
{participo nao.. vc participa de algum??}  4.Nxd4 
{nunca joguei em clube algum}  e5 5.Nf3 Nf6 6.Nc3 
Bb4 {vc conhece algum software bom de xadrez???}  
7.Bd2 {o melhor que tenho aqui é o 
chessmaster7000, mas ja lançaram o 8000.}  O-O 
{esse eu tb tenho}  8.Bd3 {Nao consigo achar um 
relogio digital com recurso p/ adicionar alguns 
segundos por movimento}  d5 9.exd5 Nxd5 10.Nxd5 
Bxd2+ 11.Nxd2 Qxd5 12.Be4 Qb5 13.Bxc6 bxc6 14.b3 
Bb7 15.c4 Qb4 16.Qc2 c5 17.O-O Rad8 18.Rfd1 Qb6 
19.Ne4 Rxd1+ 20.Rxd1 Rd8 21.Rxd8+ Qxd8 22.Nxc5 Bc6 
23.Qd3 Qe7 24.b4 e4 25.Qd4 h6 26.b5 Qg5 27.Qe3 
Qxe3 28.fxe3 Be8 29.Nxe4 f5 30.Nd2 g5 31.a4 Kf7 
32.Kf2 {Desculpe-me mas tenho que ir trabalhar e 
so terei acesso a internet em 13 de abril. 
Obrigado}  Ke6 33.Ke2 Kd6 34.Kd3 Kc5 35.Kc3 Kb6 
{vc conhece o xadrez on line???}  36.Kb4 {Conheço, 
parece que está tendo uma simultânea com o 
Mequinho...liga pra mim: 3386-4274 ou 9631-9935}  
Bf7 {agora???}  37.g3 Kc7 38.Nb3 Be6 39.Nc5 Bc8 
40.Nd3 Bb7 41.Ne5 h5 42.c5 Bd5 43.a5 g4 44.Ng6 Kd7 
45.Nf4 Bf7 46.a6 Kc7 47.Ka5 Kb8 48.h4 Kc7 49.Nd3 
Kc8 50.Ne5 Bd5 51.Ng6 Kb8 52.Nf8 Be4 53.Ne6 Bd5 
54.Ng7 Bf7 55.Nxf5 Bd5 56.Ng7 Bf7 57.e4 Bg6 58.e5 
Kc8 59.b6 Be4 60.Nxh5 axb6+ 61.cxb6 1-0

[Event "HCL-C196"]
[Site "www.playchess.de"]
[Date "2001.04.03"]
[Round "15"]
[White "Venezuela"]
[Black "guerino"]
[WhiteElo "1000"]
[BlackElo "974"]
[PlyCount "63"]
[Result "1-0"]

1.e4 {Good Luck!}  c5 2.d4 cxd4 3.Qxd4 Nc6 4.Qa4 
Nf6 5.Nc3 a6 6.Qb3 e6 7.Bg5 Be7 8.Nf3 O-O 9.O-O-O 
Qc7 10.e5 Ne8 11.Bxe7 Nxe7 12.Ne4 Nd5 13.Qd3 b5 
14.Neg5 g6 15.a3 Bb7 16.Nh4 Rc8 17.Rd2 Ng7 18.Qh3 
Nh5 19.Nxg6 fxg6 20.g4 Ndf4 21.Qh4 Bxh1 22.gxh5 
Nxh5 23.Be2 Rf4 24.Qh3 Qxe5 25.Rxd7 Qxe2 26.Rd2 
Qe1+ 27.Rd1 Qxf2 28.Qxe6+ Kg7 29.Qxc8 Rc4 30.Ne6+ 
Kf6 31.Qf8+ Kxe6 32.Qxf2 1-0

[Event "HCL-C200"]
[Site "www.playchess.de"]
[Date "2001.04.03"]
[Round "18"]
[White "Nutz"]
[Black "rrr3"]
[WhiteElo "1101"]
[BlackElo "1000"]
[PlyCount "54"]
[Result "0-1"]

1.e4 {Hi there}  c5 2.Bc4 a6 3.Qf3 e6 4.d3 Nc6 
5.Qf4 Nd4 6.Na3 b5 7.Bb3 d5 8.exd5 Bd6 9.Qe4 Nf6 
10.Qe3 O-O 11.dxe6 Bxe6 12.c3 Nxb3 13.axb3 Re8 
14.Ne2 Bxb3 15.Qf3 Bd5 16.Qf5 Re5 17.Qh3 Be6 
18.Qh4 Rh5 19.Qxh5 Nxh5 20.Nc2 Bf5 21.Ng3 Qe7+ 
22.Ne3 Nxg3 23.fxg3 Bxd3 24.Kd2 c4 25.b4 Qf6 
26.Rf1 Bxf1 27.Nd5 Qf2+ 0-1

[Event "HCL-B197"]
[Site "www.playchess.de"]
[Date "2001.04.03"]
[Round "17"]
[White "lennin"]
[Black "GMKingArs"]
[WhiteElo "1530"]
[BlackElo "1500"]
[PlyCount "60"]
[Result "1/2-1/2"]

1.e4 c6 2.Nf3 d5 3.e5 Bf5 4.d4 e6 5.c4 dxc4 6.Bxc4 
Nd7 7.a3 Ne7 8.O-O Nb6 9.Ba2 Ned5 10.Nc3 Be7 
11.Bd2 Rc8 12.b4 a6 13.Re1 O-O 14.Ne4 Qc7 15.Rc1 
Nd7 16.Bg5 Bxg5 17.Nfxg5 h6 18.Nf3 Bxe4 19.Rxe4 a5 
20.b5 Qb6 21.bxc6 Rxc6 22.Rxc6 Qxc6 23.Bxd5 Qxd5 
24.Qc2 b5 25.Rh4 f6 26.Rxh6 Qc4 27.Qh7+ Kf7 
28.Qg6+ Kg8 29.Qh7+ Kf7 30.Qg6+ 
Kg8 1/2-1/2

[Event "HCL-B202"]
[Site "www.playchess.de"]
[Date "2001.04.03"]
[Round "34"]
[White "class58"]
[Black "patzer"]
[WhiteElo "1805"]
[BlackElo "1250"]
[PlyCount "87"]
[Result "1-0"]

1.e4 e5 2.f4 d5 3.exd5 e4 4.Nc3 Nf6 5.Qe2 Bf5 
6.Qb5+ Nbd7 7.Qxb7 Bc5 8.Bb5 Rb8 9.Bxd7+ Nxd7 
10.Qa6 O-O 11.Nge2 Qf6 12.Qxf6 Nxf6 13.a3 Rfe8 
14.b4 Bb6 15.Ng3 Bd7 16.h3 e3 17.Kd1 c6 18.d6 exd2 
19.Bxd2 Bd4 20.Nge2 Bb6 21.Re1 Bf2 22.Rf1 Bb6 
23.f5 Rbd8 24.g4 Bc8 25.Bf4 Bc7 26.Ke1 Bxd6 
27.Bxd6 Rxd6 28.Rd1 Rxd1+ 29.Kxd1 Ne4 30.Nxe4 Rxe4 
31.Rf4 Rxf4 32.Nxf4 Kf8 33.c4 g5 34.Ne2 Ke7 35.c5 
Ba6 36.Nd4 Kd7 37.Nf3 f6 38.Ke1 Bb5 39.Nd4 Ba4 
40.Kd2 h6 41.Nf3 Kc7 42.h4 gxh4 43.Nxh4 Kb7 
44.Ng6 1-0

[Event "HCL-A094"]
[Site "www.playchess.de"]
[Date "2001.04.03"]
[Round "10"]
[White "Gorodish"]
[Black "Lumina"]
[WhiteElo "1733"]
[BlackElo "1700"]
[PlyCount "65"]
[Result "1-0"]

1.d4 Nf6 2.c4 g6 3.Nc3 d5 4.cxd5 Nxd5 5.e4 Nb6 
6.h3 Bg7 7.Nf3 O-O 8.Be3 e6 9.Qd2 Nc6 10.Bb5 Bd7 
11.Bh6 a6 12.Bxg7 Kxg7 13.Be2 Qe7 14.Qf4 Rac8 
15.h4 f6 16.h5 g5 17.Qg3 h6 18.Rd1 e5 19.d5 Nb4 
20.Rd2 a5 21.Nh4 Qc5 22.a3 Na6 23.Bxa6 bxa6 24.O-O 
Nc4 25.Rc2 Qd4 26.Ng6 Rf7 27.Rd1 Qb6 28.Rdc1 a4 
29.Nxa4 Bxa4 30.R2xc4 Qxb2 31.d6 Bb5 32.R4c2 Qd4 
33.Ne7 1-0

[Event "HCL-M007"]
[Site "www.playchess.de"]
[Date "2001.04.03"]
[Round "1"]
[White "ARMAGEDON_8"]
[Black "phGM4233"]
[WhiteElo "2257"]
[BlackElo "1797"]
[PlyCount "31"]
[Result "1-0"]

1.e4 {good luck!!}  c5 {good luck do you have aol 
or aim!}  2.Nf3 {WHAT DOES IT MEAN AOL?}  d6 
{nothing nevermind where are you from}  3.d4 {FROM 
GREECE}  cxd4 4.Nxd4 Nf6 5.Nc3 g6 6.Be3 Bg7 7.f3 
Nc6 8.Qd2 Bd7 9.O-O-O O-O 10.Bc4 Rc8 11.Bb3 a6 
12.h4 Ne5 13.h5 Nxh5 14.g4 Nf6 15.Bh6 Bxh6 
16.Qxh6 1-0

[Event "HCL-B214"]
[Site "www.playchess.de"]
[Date "2001.04.03"]
[Round "2"]
[White "Erik"]
[Black "sundfar"]
[WhiteElo "1312"]
[BlackElo "1043"]
[PlyCount "132"]
[Result "1/2-1/2"]

1.d4 {Good luck to you in all your games.}  Nf6 
2.Bf4 d5 {I wish you good lock too. This is my 
second tour at playchess.}  3.e3 {It's my 3rd one. 
The 2nd was not even successful... ;-)}  g6 4.Bd3 
Bg7 5.Nf3 e6 6.a4 O-O 7.b3 Nc6 8.c3 a5 9.O-O Re8 
10.Na3 Na7 11.Qc1 b6 12.c4 Ba6 13.Qc2 Nc6 14.Nb5 
Bxb5 15.cxb5 Nb4 16.Qd2 Rc8 {seemes to be a long 
game, not many openings yet}  17.Rac1 {Right. I 
don't like not to know what will happen.}  Nh5 
18.Rc3 c5 19.Rfc1 Nxf4 20.exf4 Re7 21.Ne5 Rec7 
22.dxc5 R7xc5 23.R3xc5 Rxc5 24.Rxc5 bxc5 25.Nc6 
Nxc6 26.bxc6 Bh6 27.g3 e5 28.Bb5 exf4 29.g4 Bg5 
30.f3 d4 31.Qd3 Qc7 {exciting game!!}  32.Qc4 
{Indeed! I enjoy it very much!}  Be7 33.Qd5 {A 
Pawn more for you; can be a lot in an endgame...}  
Bd6 {..but it's not over yet...}  34.Kf2 {That's 
for sure!}  Qe7 35.Qe4 Qd8 36.Qd5 Kg7 37.g5 Qe7 
{This games seems to go to 100 moves!}  38.Kg2 
{Yes, I fear that it will lead into remis.}  Bc7 
39.h4 Bd6 40.Qe4 {Sorry, I couldn't notify 
individually; but I left a message in the Vacancy 
Forum here.}  Qe6 {sorry, I didn't check the 
Vacancy forum, but I was sure you had not quit}  
41.Bc4 {Yes, this game is too exciting to quit!}  
Qxe4 {here we go!}  42.fxe4 h6 43.gxh6+ Kxh6 
44.Bxf7 d3 45.Bc4 d2 46.Be2 Kg7 47.Kf2 Kf6 {I wish 
the king could move a little faster}  48.Bf3 {Yes, 
now the 'race' is on.}  Ke5 49.Ke2 Bc7 {I thougt I 
was winning, but now I have wasted two pawns for 
nothing}  50.Kxd2 {Yeah, you had a slight 
advantage. Now, every single move is important.}  
Kd6 51.Kd3 Kxc6 {and now it is 4-4 !}  52.e5+ 
{Wow, exciting! My hands are getting wet!}  Kd7 
53.Ke4 Bd8 54.Bg4+ Ke8 55.h5 gxh5 56.Bxh5+ Ke7 
57.Kxf4 Bc7 {I think this is remis}  58.Kf5 {I 
hope not!}  Bd8 59.Bg4 Bb6 60.Ke4 {I'm leaving 
office now; will move later this evening.}  Bc7 
{can only play in office, see you tomorrow.}  
61.Kd5 Bb6 62.Kc6 Bd8 63.Kxc5 Bc7 64.e6 Bg3 65.b4 
Bd6+ 66.Kc4 {Oh no! What have I done?!}  Bxb4 {it 
is not only me to make mistakes here} 
 1/2-1/2

[Event "HCL-A095"]
[Site "www.playchess.de"]
[Date "2001.04.03"]
[Round "6"]
[White "AlexVila"]
[Black "jmcerna"]
[WhiteElo "1600"]
[BlackElo "1721"]
[PlyCount "65"]
[Result "1-0"]

1.e4 {Hello, have a nice game.}  c5 {Hola, 
obrigado.}  2.Nc3 Nc6 3.f4 e6 4.Nf3 d5 5.Bb5 a6 
6.Bxc6+ bxc6 7.O-O d4 8.Ne2 Nf6 9.d3 Be7 10.Ne5 
Qc7 11.Qe1 O-O 12.Nc4 a5 13.e5 Nd5 14.g4 f6 15.h4 
fxe5 16.Nxe5 Bd6 17.Nc4 Bxf4 18.Bxf4 Nxf4 19.Nxf4 
Rxf4 20.Ne5 Rxf1+ 21.Kxf1 Ba6 22.Qe4 Rf8+ 23.Kg2 
c4 24.Nxc4 Bc8 25.Qxd4 Rf4 26.Qd6 Qxd6 27.Nxd6 Ba6 
28.Kg3 Rd4 29.Ne4 h6 30.Kf4 Kf7 31.Rf1 Ke7 32.Ke3 
Rd5 33.a3 1-0

[Event "HCL-B210"]
[Site "www.playchess.de"]
[Date "2001.04.03"]
[Round "5"]
[White "Translightor"]
[Black "shepherd"]
[WhiteElo "1469"]
[BlackElo "1392"]
[PlyCount "71"]
[Result "1-0"]

1.e4 {Hallo & Viel Spaß!}  c5 2.Nf3 Nc6 3.d4 cxd4 
4.Nxd4 e5 5.Nb5 d6 6.N1c3 g6 7.Be2 a6 8.Na3 Bg7 
9.O-O Nge7 10.Nc4 O-O 11.Qxd6 b5 12.Qxd8 Rxd8 
13.Nb6 Rb8 14.Nxc8 Rbxc8 15.a3 Nd4 16.Bd3 Nec6 
17.Be3 b4 18.Nd5 a5 19.axb4 axb4 20.Ra6 Rca8 
21.Rfa1 Rxa6 22.Rxa6 h5 23.c3 bxc3 24.bxc3 Nb8 
25.Ra8 Ndc6 26.Bb6 Rf8 27.Bc5 Rd8 28.Bb5 Kh7 
29.Bb6 Rf8 30.c4 f5 31.f3 fxe4 32.fxe4 Nd4 33.g3 
Nf3+ 34.Kh1 Nd2 35.c5 Nxe4 36.c6 1-0

[Event "HCL-B210"]
[Site "www.playchess.de"]
[Date "2001.04.03"]
[Round "10"]
[White "Translightor"]
[Black "roofus"]
[WhiteElo "1469"]
[BlackElo "1248"]
[PlyCount "79"]
[Result "1-0"]

1.e4 {Hi & Good Luck!}  e5 {thank you and good 
luck to you too!}  2.Nf3 Nc6 3.Bb5 Nf6 4.O-O a6 
5.Ba4 b6 6.Re1 b5 7.Bb3 Bc5 8.c3 Ng4 9.d4 exd4 
10.cxd4 Bb6 11.h3 Nxf2 12.Kxf2 Qf6 13.Bg5 Bxd4+ 
14.Kf1 Qd6 15.Nxd4 Qxd4 16.Nc3 Qe5 17.Qd5 O-O 
18.Qxe5 Nxe5 19.Nd5 Nd3 20.Re2 Bb7 21.Nxc7 Rac8 
22.Nd5 h6 23.Ne7+ Kh8 24.Nxc8 hxg5 25.Nd6 Nc5 
26.Bd5 Ba8 27.Bxa8 Rxa8 28.Nxf7+ Kg8 29.Nxg5 Rf8+ 
30.Kg1 g6 31.Rd1 Rf4 32.b4 Ne6 33.Nxe6 dxe6 34.Rd6 
Kf7 35.Rxa6 Kf6 36.Rf2 Ke5 37.Rxf4 Kxf4 38.Rxe6 g5 
39.Kf2 g4 40.g3+ 1-0

[Event "HCL-B212"]
[Site "www.playchess.de"]
[Date "2001.04.03"]
[Round "2"]
[White "DIG"]
[Black "serpens"]
[WhiteElo "1500"]
[BlackElo "1297"]
[PlyCount "59"]
[Result "1-0"]

1.e4 e6 2.d4 b6 3.Nf3 Bb7 4.Bd3 c5 5.O-O c4 6.Be2 
Bxe4 7.Bxc4 Nf6 8.Nbd2 Bd5 9.Bb5 Bd6 10.c4 Bc6 
11.Ba4 O-O 12.Bc2 Na6 13.a3 Qc7 14.Re1 Ng4 15.g3 
f5 16.b4 Qb7 17.b5 Bxf3 18.bxa6 Bxd1 19.axb7 Rab8 
20.Bxd1 Rxb7 21.Bf3 Rbb8 22.Bxg4 fxg4 23.Ne4 Bc7 
24.a4 d5 25.cxd5 exd5 26.Ng5 Rbe8 27.Ba3 Rxe1+ 
28.Rxe1 h6 29.Bxf8 Kxf8 30.Ne6+ 1-0

[Event "HCL-B222"]
[Site "www.playchess.de"]
[Date "2001.04.03"]
[Round "1"]
[White "Iron_Flower"]
[Black "prahal"]
[WhiteElo "1401"]
[BlackElo "1200"]
[PlyCount "45"]
[Result "1/2-1/2"]

1.d4 {Hi, from Leeuwarden,the Netherlands}  d5 
2.c4 e6 {hi,from chennai,india}  3.Nc3 Nf6 4.Bg5 
Nbd7 5.Nf3 Be7 6.e3 O-O 7.Bd3 h6 8.Bh4 Ng4 9.Bg3 
c6 10.h3 Ngf6 11.cxd5 cxd5 12.Rc1 a6 13.O-O b5 
14.a3 Bb7 15.Ne2 Rc8 16.Qd2 Nh5 17.Bh2 Nhf6 
18.Rxc8 Qxc8 19.Rc1 Qa8 20.Rc7 Rc8 21.Qc2 Rxc7 
22.Qxc7 Qc8 23.Qxc8+ 1/2-1/2

[Event "ACL-A118"]
[Site "www.playchess.de"]
[Date "2001.04.03"]
[Round "8"]
[White "foxzy"]
[Black "guerino"]
[WhiteElo "1211"]
[BlackElo "1325"]
[PlyCount "62"]
[Result "0-1"]

1.e4 c5 2.Nf3 d6 3.d4 cxd4 4.Nxd4 Nf6 5.Nc3 g6 
6.Bb5+ Bd7 7.Qe2 Bg7 8.Nb3 O-O 9.Be3 Nc6 10.O-O-O 
a6 11.Bxc6 Bxc6 12.f3 b5 13.e5 Ne8 14.exd6 Nxd6 
15.Bd4 Bxd4 16.Rxd4 Qc7 17.h4 Nf5 18.Rg4 h5 19.Rb4 
Rad8 20.Nc5 Ng3 21.Qe1 Nxh1 22.Qxh1 Bxf3 23.gxf3 
Qxc5 24.Re4 Rdc8 25.Qe1 b4 26.Re5 Qc6 27.Re3 bxc3 
28.Rxc3 Qf6 29.Re3 Rcb8 30.b3 Rbd8 31.Rxe7 
Qa1+ 0-1

[Event "HCL-B219"]
[Site "www.playchess.de"]
[Date "2001.04.03"]
[Round "13"]
[White "CALZON-FIESTERO"]
[Black "enigma_theory"]
[WhiteElo "1500"]
[BlackElo "1500"]
[PlyCount "31"]
[Result "1-0"]

1.e4 c5 {Goog Luck}  2.Nc3 Nc6 3.Bc4 d6 4.Nf3 Bg4 
5.h3 Bh5 6.g4 Bg6 7.Nh4 Ne5 8.Nxg6 Nxg6 9.Qf3 Ne5 
10.Qe2 Nxc4 11.Qxc4 Nf6 12.Nd5 e6 13.Nf4 Be7 14.d3 
O-O 15.Qc3 Qc7 16.Be3 1-0

[Event "HCL-B219"]
[Site "www.playchess.de"]
[Date "2001.04.03"]
[Round "14"]
[White "enigma_theory"]
[Black "Whatever"]
[WhiteElo "1500"]
[BlackElo "1473"]
[PlyCount "32"]
[Result "0-1"]

1.e4 c5 {Have a good game.}  2.Nf3 {Hello}  Nc6 
3.Bc4 e6 4.O-O a6 5.Nc3 b5 6.Bd3 d5 7.b3 Nf6 8.Bb2 
Be7 9.exd5 exd5 10.Re1 Bg4 11.h3 Bh5 12.Rb1 O-O 
13.Qe2 Re8 14.Qe3 d4 {Let us first see what 
happens before we eventually draw.}  15.Qe2 dxc3 
16.Bxc3 Nd4 0-1

[Event "HCL-C223"]
[Site "www.playchess.de"]
[Date "2001.04.03"]
[Round "5"]
[White "Trodat"]
[Black "waspranger"]
[WhiteElo "1277"]
[BlackElo "1000"]
[PlyCount "54"]
[Result "0-1"]

1.e4 e5 2.Nf3 Bc5 3.Nxe5 Qh4 4.Qe2 Nf6 5.Nc3 Bb4 
6.g3 Qh5 7.Nd3 Qxe2+ 8.Bxe2 Bxc3 9.bxc3 Nxe4 
10.O-O d5 11.Bf3 Be6 12.Nc5 Nxc5 13.Re1 Nbd7 14.d4 
Ne4 15.Bxe4 dxe4 16.Rxe4 O-O 17.Ba3 Rfe8 18.Rae1 
Nf6 19.R4e3 Bxa2 20.R3xe8+ Rxe8 21.Ra1 Bd5 22.Kf1 
Bc4+ 23.Kg2 Re2 24.Rb1 Ng4 25.h3 Bd5+ 26.Kf1 Rxf2+ 
27.Ke1 Rh2 0-1